[Event "Obro 60 aar"]
[Site "Kobenhavn"]
[Date "1996.10.17"]
[Round "6"]
[White "Johansen, Morten"]
[Black "Larsen, Flemming Bo"]
[Result "1/2-1/2"]
[WhiteElo "2220"]
[BlackElo "2000"]
[PlyCount "106"]
[EventDate "1996.10.12"]
[EventCountry "DEN"]
[SourceVersionDate "2022.08.28"]

1. d4 e6 2. c4 f5 3. Nf3 Nf6 4. g3 Bb4+ 5. Bd2 Qe7 6. a3 Bxd2+ 7. Nbxd2 d6 8.
Bg2 e5 9. e3 f4 10. exf4 exd4+ 11. Qe2 c5 12. Qxe7+ Kxe7 13. Ng5 h6 14. Nge4
Nxe4 15. Bxe4 Nd7 16. O-O Nf6 17. Bg6 Bd7 18. Rfe1+ Kd8 19. Ne4 Be8 20. Bf5
Nxe4 21. Rxe4 g6 22. Be6 Bc6 23. Bd5 Bxd5 24. cxd5 Re8 25. f3 Kd7 26. Kf2 a5
27. Rae1 a4 28. Ke2 Rxe4+ 29. fxe4 Ra5 30. Kf3 Rb5 31. Re2 Rb3+ 32. Kg4 c4 33.
Rd2 c3 34. bxc3 dxc3 35. Rc2 Rxa3 36. f5 gxf5+ 37. exf5 Ke7 38. Kh5 Kf7 39.
Kxh6 b5 40. g4 b4 41. g5 b3 42. Rxc3 b2 43. Rxa3 b1=Q 44. Rxa4 Qxf5 45. Ra7+
Ke8 46. Ra8+ Kd7 47. Ra7+ Kc8 48. g6 Qf4+ 49. Kh7 Qxh2+ 50. Kg8 Qg1 51. Rg7 Qg5
52. Kh8 Kd8 53. Rh7 Qxg6 1/2-1/2

[Event "Obro 60 aar"]
[Site "Kobenhavn"]
[Date "1996.10.17"]
[Round "6"]
[White "Jensen, Henrik W"]
[Black "Overgaard, Christian M"]
[Result "1-0"]
[WhiteElo "2150"]
[BlackElo "2270"]
[PlyCount "75"]
[EventDate "1996.10.12"]
[EventCountry "DEN"]
[SourceVersionDate "2022.08.28"]

1. b3 Nf6 2. Bb2 d5 3. e3 g6 4. c4 Bg7 5. Nf3 O-O 6. cxd5 Qxd5 7. Nc3 Qa5 8.
Be2 c5 9. O-O Nc6 10. Na4 Nd7 11. Bxg7 Kxg7 12. d4 Rd8 13. Qc2 cxd4 14. Nxd4
Nxd4 15. exd4 Nf6 16. Qc5 Qd2 17. Bf3 Qf4 18. Qxe7 Rxd4 19. Nc5 Nd5 20. Qe2 Qg5
21. Qb2 Qf6 22. Rad1 Rxd1 23. Qxf6+ Kxf6 24. Rxd1 Nc3 25. Rd8 Ke7 26. Rd2 Rb8
27. Rc2 Nb5 28. Rd2 b6 29. Ne4 Bb7 30. h3 Rc8 31. Ng5 Rc1+ 32. Kh2 Bxf3 33.
Nxf3 Nc3 34. Nd4 Kf6 35. Nc6 Ne4 36. Re2 Rxc6 37. Rxe4 Rc2 38. Rf4+ 1-0

[Event "Obro 60 aar"]
[Site "Kobenhavn"]
[Date "1996.10.17"]
[Round "6"]
[White "Nilsson, Lars Kjoller"]
[Black "Fredericia, Louise Winther"]
[Result "1-0"]
[WhiteElo "2200"]
[BlackElo "2000"]
[PlyCount "85"]
[EventDate "1996.10.12"]
[EventCountry "DEN"]
[SourceVersionDate "2022.08.28"]

1. e4 e6 2. d4 d5 3. e5 c5 4. c3 Nc6 5. Nf3 Qb6 6. a3 c4 7. Be2 Bd7 8. Qc2 Nge7
9. Nbd2 Ng6 10. Nf1 Na5 11. Be3 Nb3 12. Rb1 f5 13. h4 f4 14. Bc1 Qa5 15. h5 Ba4
16. hxg6 Nxd4 17. Qxa4+ Qxa4 18. Nxd4 h6 19. Bxf4 O-O-O 20. Bg4 Kb8 21. Ne3 Bc5
22. Nec2 Rdf8 23. Be3 h5 24. Bxe6 Re8 25. Kd2 Qa6 26. Bf7 Rxe5 27. Bf4 Qf6 28.
Bxe5+ Qxe5 29. Nf3 Qf4+ 30. Ne3 Qe4 31. Rbe1 Rd8 32. Rh4 Qd3+ 33. Kc1 Bxa3 34.
bxa3 Qxc3+ 35. Nc2 d4 36. Nfxd4 a6 37. Re3 Qa5 38. Nb4 Qg5 39. g3 Qf6 40. Rf4
Qb6 41. Re6 Qc5 42. Ndc6+ bxc6 43. Nxa6+ 1-0

[Event "Obro 60 aar"]
[Site "Kobenhavn"]
[Date "1996.10.17"]
[Round "6"]
[White "Vestergaard, Kenneth"]
[Black "Larsen, Karsten"]
[Result "0-1"]
[WhiteElo "2000"]
[BlackElo "2000"]
[PlyCount "94"]
[EventDate "1996.10.12"]
[EventCountry "DEN"]
[SourceVersionDate "2022.08.28"]

1. c4 Nf6 2. Nf3 g6 3. b4 Bg7 4. Bb2 O-O 5. g3 d6 6. Bg2 e5 7. d3 Nc6 8. a3 h6
9. O-O Bg4 10. Nbd2 Qd7 11. Qb3 Rae8 12. b5 Na5 13. Qa4 b6 14. Rac1 Nh5 15. Bc3
Bh3 16. Kh1 Bxg2+ 17. Kxg2 Nb7 18. Qc2 f5 19. e3 g5 20. Qd1 g4 21. Ng1 Nc5 22.
Nb3 f4 23. exf4 exf4 24. Nxc5 dxc5 25. Bxg7 f3+ 26. Kh1 Nxg7 27. Qd2 h5 28.
Rfe1 Qd4 29. Rcd1 Kh7 30. h3 Kg6 31. Kh2 Nf5 32. Rxe8 Rxe8 33. h4 Kf7 34. Kh1
Qe5 35. Rf1 Nd4 36. Qh6 Rh8 37. Qd2 Re8 38. Qh6 Qf5 39. Qd2 Re6 40. Re1 Rxe1
41. Qxe1 Ne6 42. Qe3 Ke7 43. Kh2 Kd6 44. Qd2 Qe5 45. Kh1 Qa1 46. d4 cxd4 47.
Qb4+ Kd7 0-1

[Event "Obro 60 aar"]
[Site "Kobenhavn"]
[Date "1996.10.17"]
[Round "6"]
[White "Rodgaard, John"]
[Black "Olesen, Michael"]
[Result "1-0"]
[WhiteElo "2375"]
[BlackElo "2000"]
[PlyCount "81"]
[EventDate "1996.10.12"]
[EventCountry "DEN"]
[SourceVersionDate "2022.08.28"]

1. c4 Nc6 2. Nf3 e5 3. Nc3 g6 4. e3 Bg7 5. d4 exd4 6. exd4 d6 7. Be2 Nf6 8. O-O
O-O 9. d5 Ne7 10. Bf4 Nd7 11. Qd2 a6 12. h3 Ne5 13. Nh2 Nf5 14. g4 Ne7 15. Be3
f5 16. f4 Nf7 17. g5 c5 18. dxc6 bxc6 19. Rad1 Be6 20. Nf3 c5 21. Rfe1 Qc7 22.
Bf2 Rad8 23. Bf1 Bc8 24. Bg2 Bb7 25. Nh4 Bxg2 26. Nxg2 Rd7 27. Ne3 Nd8 28. Ned5
Nxd5 29. Nxd5 Qb7 30. Re2 Nc6 31. Rde1 Nb4 32. Re7 Nxd5 33. Rxd7 Qxd7 34. Qxd5+
Kh8 35. Bxc5 Bxb2 36. Bxd6 Rd8 37. Re7 Qxd6 38. Re8+ Rxe8 39. Qxd6 a5 40. c5
Bc3 41. c6 1-0

[Event "Obro 60 aar"]
[Site "Kobenhavn"]
[Date "1996.10.17"]
[Round "6"]
[White "Rimestad, Arild"]
[Black "Hansen, Soren Asger"]
[Result "0-1"]
[WhiteElo "2000"]
[BlackElo "2000"]
[PlyCount "110"]
[EventDate "1996.10.12"]
[EventCountry "DEN"]
[SourceVersionDate "2022.08.28"]

1. e4 e5 2. Nf3 Nc6 3. Bb5 a6 4. Ba4 Nf6 5. O-O Be7 6. c3 b5 7. Bb3 O-O 8. Re1
d6 9. h3 Nb8 10. d4 Nbd7 11. Nbd2 Bb7 12. Bc2 c5 13. Nf1 Re8 14. Ng3 g6 15. d5
Bf8 16. Nh2 Bg7 17. f4 exf4 18. Bxf4 Ne5 19. Nf3 Nfd7 20. Nxe5 Nxe5 21. Qc1 Qb6
22. b3 Nd7 23. Bd1 b4 24. Bd2 Rac8 25. Kh1 Qa5 26. Re3 Ne5 27. a3 bxc3 28. Bxc3
Qb6 29. Re2 Qd8 30. Bc2 Qh4 31. Qe1 Nf3 32. gxf3 Qxh3+ 33. Rh2 Bxc3 34. Qxc3
Qxg3 35. Rg1 Qe5 36. Qd2 c4 37. bxc4 Rxc4 38. Qh6 Qg7 39. Qf4 Rec8 40. Bd1 Rd8
41. Qh4 Re8 42. Qf4 Re5 43. Qd2 f5 44. Qa5 fxe4 45. Qd8+ Qf8 46. Rxg6+ hxg6 47.
Rh8+ Kxh8 48. Qxf8+ Kh7 49. Qf7+ Kh6 50. Qxb7 Rc1 51. Qb3 e3 52. f4 e2 53. fxe5
exd1=Q+ 54. Qxd1 Rxd1+ 55. Kg2 dxe5 0-1

[Event "Obro 60 aar"]
[Site "Kobenhavn"]
[Date "1996.10.17"]
[Round "6"]
[White "Malekian, Babak"]
[Black "Schiodt, Niels Christian"]
[Result "0-1"]
[WhiteElo "2275"]
[BlackElo "2000"]
[PlyCount "70"]
[EventDate "1996.10.12"]
[EventCountry "DEN"]
[SourceVersionDate "2022.08.28"]

1. c4 Nf6 2. Nc3 d5 3. cxd5 Nxd5 4. Nf3 g6 5. Qb3 Nb6 6. d4 Bg7 7. Bf4 Be6 8.
Qd1 Nd5 9. Nxd5 Qxd5 10. Bxc7 Nc6 11. e3 Rc8 12. Bf4 Qa5+ 13. Nd2 Nb4 14. Rc1
O-O 15. Bc4 Bxc4 16. Rxc4 Nd3+ 17. Ke2 Nxf4+ 18. exf4 Rxc4 19. Nxc4 Qxa2 20.
Qd3 Rc8 21. Nd2 Qxb2 22. Rb1 Qxd4 23. Qxd4 Bxd4 24. Rxb7 Kf8 25. f3 Bb6 26. g4
h6 27. h4 Rc2 28. Kd3 Rc1 29. Rb8+ Kg7 30. Nc4 Rf1 31. Ke2 Rf2+ 32. Kd3 Rxf3+
33. Ke4 Rb3 34. Rb7 Rb4 35. Kd5 e6+ 0-1

[Event "Obro 60 aar"]
[Site "Kobenhavn"]
[Date "1996.10.17"]
[Round "6"]
[White "Nolsoe, Eydun"]
[Black "Brinck Claussen, Bjorn"]
[Result "0-1"]
[WhiteElo "2160"]
[BlackElo "2395"]
[PlyCount "54"]
[EventDate "1996.10.12"]
[EventCountry "DEN"]
[SourceVersionDate "2022.08.28"]

1. e4 e6 2. d4 d5 3. Nd2 c5 4. Ngf3 Nc6 5. c3 cxd4 6. cxd4 Nf6 7. e5 Ne4 8. Bd3
f5 9. exf6 Nxf6 10. O-O Bd6 11. b3 O-O 12. Bb2 Qb6 13. Re1 Bd7 14. Nf1 Rae8 15.
Ng3 Kh8 16. Qe2 e5 17. dxe5 Ng4 18. Rf1 Ncxe5 19. Nxe5 Bxe5 20. Qd2 Bf4 21.
Bxg7+ Kg8 22. Qb2 Bxg3 23. hxg3 Rf7 24. Qd4 Rxg7 25. Qxd5+ Kh8 26. Qh5 Re5 27.
Qh4 Re6 0-1

[Event "Obro 60 aar"]
[Site "Kobenhavn"]
[Date "1996.10.17"]
[Round "6"]
[White "Spoer, Morten"]
[Black "Larsen, Peder"]
[Result "1/2-1/2"]
[WhiteElo "2000"]
[BlackElo "2050"]
[PlyCount "52"]
[EventDate "1996.10.12"]
[EventCountry "DEN"]
[SourceVersionDate "2022.08.28"]

1. e4 c5 2. Nc3 Nc6 3. f4 d6 4. Bc4 e6 5. Nf3 Nf6 6. O-O a6 7. a4 Qc7 8. d3 Be7
9. Qe1 Nd7 10. Qg3 Bf6 11. Bd2 Nd4 12. Nxd4 cxd4 13. Ne2 Nc5 14. b4 Nxe4 15.
dxe4 Qxc4 16. e5 Qxe2 17. exf6 Qxd2 18. fxg7 Rg8 19. f5 exf5 20. Qxd6 Be6 21.
Rae1 Rxg7 22. Rxe6+ fxe6 23. Qxe6+ Kd8 24. Qf6+ Re7 25. Qf8+ Kd7 26. Qxf5+ Kd6
1/2-1/2

[Event "Obro 60 aar"]
[Site "Kobenhavn"]
[Date "1996.10.18"]
[Round "7"]
[White "Henrichsen, Jens"]
[Black "Johansen, Morten"]
[Result "1/2-1/2"]
[WhiteElo "2075"]
[BlackElo "2220"]
[PlyCount "25"]
[EventDate "1996.10.12"]
[EventCountry "DEN"]
[SourceVersionDate "2022.08.28"]

1. d4 d5 2. c4 c6 3. Nf3 Nf6 4. Nc3 e6 5. e3 Nbd7 6. Bd3 Be7 7. e4 dxe4 8. Nxe4
Nxe4 9. Bxe4 Nf6 10. Bc2 c5 11. O-O O-O 12. Bg5 Nd7 13. Qd3 1/2-1/2

[Event "Obro 60 aar"]
[Site "Kobenhavn"]
[Date "1996.10.18"]
[Round "7"]
[White "Aagaard, Jacob"]
[Black "Jakobsen, Ole"]
[Result "1/2-1/2"]
[WhiteElo "2370"]
[BlackElo "2400"]
[PlyCount "23"]
[EventDate "1996.10.12"]
[EventCountry "DEN"]
[SourceVersionDate "2022.08.28"]

1. e4 c5 2. Nf3 Nc6 3. d4 cxd4 4. Nxd4 Qc7 5. Nc3 e6 6. Be3 a6 7. Bd3
b5 8. O-O Bb7 9. Nxc6 Qxc6 10. a3 Nf6 11. Qf3 Bd6 12. Bd4 1/2-1/2

[Event "Obro 60 aar"]
[Site "Kobenhavn"]
[Date "1996.10.18"]
[Round "7"]
[White "Larsen, Flemming Bo"]
[Black "Malekian, Babak"]
[Result "1/2-1/2"]
[WhiteElo "2000"]
[BlackElo "2275"]
[PlyCount "37"]
[EventDate "1996.10.12"]
[EventCountry "DEN"]
[SourceVersionDate "2022.08.28"]

1. c4 g6 2. Nc3 Bg7 3. g3 c5 4. Bg2 Nc6 5. Nf3 d6 6. a3 e5 7. d3 Nf6 8. O-O O-O
9. Rb1 a5 10. Ne1 Be6 11. Nd5 Bxd5 12. cxd5 Ne7 13. b4 axb4 14. axb4 Nfxd5 15.
Bd2 Ra7 16. bxc5 dxc5 17. Qb3 h6 18. Nc2 Qd7 19. Ne3 1/2-1/2

[Event "Obro 60 aar"]
[Site "Kobenhavn"]
[Date "1996.10.18"]
[Round "7"]
[White "Brinck Claussen, Bjorn"]
[Black "Ronneland, Daniel"]
[Result "1-0"]
[WhiteElo "2395"]
[BlackElo "2190"]
[PlyCount "73"]
[EventDate "1996.10.12"]
[EventCountry "DEN"]
[SourceVersionDate "2022.08.28"]

1. e4 c5 2. Nf3 Nc6 3. d4 cxd4 4. Nxd4 Nf6 5. Nc3 e5 6. Ndb5 d6 7. Bg5 a6 8.
Na3 b5 9. Nd5 Be7 10. Bxf6 Bxf6 11. c3 Rb8 12. Nc2 Bg5 13. a4 bxa4 14. Ncb4 Bd7
15. Bxa6 Nxb4 16. Nxb4 Qa5 17. Qe2 Rxb4 18. cxb4 Qxb4+ 19. Kf1 O-O 20. h4 Bh6
21. g4 Bf4 22. Kg2 Bc6 23. Bc4 Kh8 24. Rhd1 f5 25. gxf5 Rxf5 26. Bd5 Bb5 27.
Qe1 Qxe1 28. Rxe1 Rf6 29. b3 Rg6+ 30. Kf3 Bd2 31. bxa4 Bd7 32. Rg1 Rf6+ 33. Ke2
Ba5 34. Rab1 Rf8 35. Rb7 Rd8 36. Rgb1 g6 37. Ra7 1-0

[Event "Obro 60 aar"]
[Site "Kobenhavn"]
[Date "1996.10.18"]
[Round "7"]
[White "Olsen, Peter Erik"]
[Black "Tonning, Erik"]
[Result "1-0"]
[WhiteElo "2240"]
[BlackElo "2205"]
[PlyCount "67"]
[EventDate "1996.10.12"]
[EventCountry "DEN"]
[SourceVersionDate "2022.08.28"]

1. d4 g6 2. c4 Bg7 3. e4 d6 4. Nc3 Nf6 5. Bg5 O-O 6. f4 h6 7. Bh4 a6 8. Bd3 Nh7
9. Nf3 Bg4 10. Be2 Nd7 11. O-O c5 12. d5 Re8 13. Qd2 Rb8 14. h3 Bxf3 15. Rxf3
Qa5 16. Raf1 b5 17. b3 bxc4 18. Bxc4 Rb4 19. Nb1 Qc7 20. Qc2 a5 21. Be1 Rbb8
22. Nc3 Nb6 23. Nb5 Qb7 24. a4 Nxc4 25. bxc4 Qb6 26. h4 Rb7 27. e5 Nf8 28. Bc3
h5 29. Rg3 f5 30. e6 Bxc3 31. Qxc3 Kh7 32. Rg5 Reb8 33. g4 hxg4 34. h5 1-0

[Event "Obro 60 aar"]
[Site "Kobenhavn"]
[Date "1996.10.18"]
[Round "7"]
[White "Larsen, Peter"]
[Black "Hartvig, Ove Weiss"]
[Result "1-0"]
[WhiteElo "2085"]
[BlackElo "2310"]
[PlyCount "79"]
[EventDate "1996.10.12"]
[EventCountry "DEN"]
[SourceVersionDate "2022.08.28"]

1. e4 c5 2. Nf3 Nf6 3. e5 Nd5 4. Nc3 e6 5. Nxd5 exd5 6. d4 Nc6 7. dxc5 Bxc5 8.
Qxd5 Qb6 9. Qd2 O-O 10. Bc4 d6 11. O-O dxe5 12. Qg5 e4 13. Ne5 Bd4 14. Nxc6
Qxc6 15. Qd5 Qf6 16. Bg5 Qe5 17. c3 Be6 18. Qxe5 Bxe5 19. Bxe6 fxe6 20. Rae1
Rf5 21. Bh4 g5 22. Bg3 Bxg3 23. hxg3 Ra5 24. Rxe4 Rxa2 25. Rb4 b6 26. Rd1 Rf8
27. f3 Rf5 28. Rd7 Rd5 29. Re7 Rd1+ 30. Kh2 Kf8 31. Rb7 Ke8 32. Re4 Rxb2 33.
Rxe6+ Kd8 34. Rxa7 Rdd2 35. Kh3 h5 36. Rh6 g4+ 37. fxg4 hxg4+ 38. Kxg4 Kc8 39.
Rh8+ Rd8 40. Ra8+ 1-0

[Event "Obro 60 aar"]
[Site "Kobenhavn"]
[Date "1996.10.18"]
[Round "7"]
[White "Jensen, Henrik W"]
[Black "Clausen, Steen"]
[Result "0-1"]
[WhiteElo "2150"]
[BlackElo "2260"]
[PlyCount "84"]
[EventDate "1996.10.12"]
[EventCountry "DEN"]
[SourceVersionDate "2022.08.28"]

1. b3 e5 2. Bb2 d6 3. e3 f5 4. d4 e4 5. d5 Nf6 6. Ne2 Nbd7 7. Nf4 Ne5 8. Bb5+
Kf7 9. Nd2 Qe7 10. Bc4 Nxc4 11. Nxc4 g6 12. h4 Bh6 13. Qd2 Bd7 14. a4 Rhe8 15.
g3 b6 16. Rd1 a6 17. a5 b5 18. Bxf6 Qxf6 19. Na3 Bg7 20. b4 h6 21. Nb1 Rh8 22.
Kf1 Qb2 23. c3 Qb3 24. Ne2 Be5 25. Nd4 Qxd5 26. Qe2 Qc4 27. Qxc4+ bxc4 28. Na3
Ba4 29. Rd2 d5 30. Kg2 Bxd4 31. exd4 g5 32. Re2 f4 33. Ree1 Kf6 34. hxg5+ hxg5
35. Rxh8 Rxh8 36. Rh1 Rxh1 37. Kxh1 c6 38. Kg2 Kf5 39. gxf4 Kxf4 40. Kf1 e3 41.
Ke2 exf2 42. Kxf2 g4 0-1

[Event "Obro 60 aar"]
[Site "Kobenhavn"]
[Date "1996.10.18"]
[Round "7"]
[White "Olesen, Michael"]
[Black "Petersen, Nils"]
[Result "1/2-1/2"]
[WhiteElo "2000"]
[BlackElo "2135"]
[PlyCount "63"]
[EventDate "1996.10.12"]
[EventCountry "DEN"]
[SourceVersionDate "2022.08.28"]

1. e4 c5 2. Nf3 e6 3. d4 cxd4 4. Nxd4 Nc6 5. Nc3 d6 6. Be3 Nge7 7. Be2 Nxd4 8.
Bxd4 Nc6 9. Be3 Be7 10. O-O O-O 11. f4 f5 12. Qd2 fxe4 13. Nxe4 d5 14. Ng3 Bf6
15. c3 g6 16. Rad1 Qe7 17. Bf3 b5 18. Qf2 Qf7 19. a3 Bb7 20. Ne2 Na5 21. Nd4 a6
22. Bg4 Rfe8 23. Rde1 Bc8 24. Bd1 Bd7 25. Nf3 Nc4 26. Bc1 Rec8 27. Bc2 Qe7 28.
h4 Qc5 29. Nd4 Bxd4 30. cxd4 Qe7 31. Bd3 Qf6 32. Re2 1/2-1/2

[Event "Obro 60 aar"]
[Site "Kobenhavn"]
[Date "1996.10.18"]
[Round "7"]
[White "Palm, Nikolaj"]
[Black "Larsen, Pelle O"]
[Result "1-0"]
[WhiteElo "2260"]
[BlackElo "2000"]
[PlyCount "119"]
[EventDate "1996.10.12"]
[EventCountry "DEN"]
[SourceVersionDate "2022.08.28"]

1. e4 e6 2. d4 d5 3. exd5 exd5 4. Bd3 Bd6 5. Ne2 Nc6 6. c3 Qh4 7. g3 Qh3 8. Bf4
Qg2 9. Rg1 Qxh2 10. Bxd6 cxd6 11. Na3 Bg4 12. Qb3 Nge7 13. Nc2 O-O 14. Ne3 Bf3
15. Kd2 Rfe8 16. Raf1 Rac8 17. Nf4 Qh6 18. Be2 Bxe2 19. Kxe2 Nf5 20. Qxd5 Nxe3
21. fxe3 Ne7 22. Qh5 Qxh5+ 23. Nxh5 d5 24. g4 Rc6 25. Kd3 Nc8 26. b3 Ra6 27.
Rg2 Rae6 28. Rf3 b5 29. Nf4 Rd6 30. Rh2 Nb6 31. Rfh3 h6 32. Rh5 f6 33. Rg2 Kf7
34. Rg3 Rc8 35. Kd2 Re8 36. Nd3 Nd7 37. Rf3 Ra6 38. Nc1 Rd6 39. Nd3 Ra6 40. Nb4
Rd6 41. Rxd5 Rxd5 42. Nxd5 Re4 43. Rg3 h5 44. gxh5 Rh4 45. Nf4 Rh1 46. Kd3 Ra1
47. Rg2 f5 48. Rg5 Nf6 49. Rxf5 Rxa2 50. Rxb5 Ng4 51. Rb7+ Kf6 52. Nd5+ Kg5 53.
Rxg7+ Kh4 54. Nf4 a5 55. Rg6 a4 56. bxa4 Ne5+ 57. dxe5 Rd2+ 58. Ke4 Rd4+ 59.
Kf3 Re4 60. Rg4# 1-0

[Event "Obro 60 aar"]
[Site "Kobenhavn"]
[Date "1996.10.18"]
[Round "7"]
[White "Larsen, Peder"]
[Black "Fredericia, Louise Winther"]
[Result "0-1"]
[WhiteElo "2050"]
[BlackElo "2000"]
[PlyCount "102"]
[EventDate "1996.10.12"]
[EventCountry "DEN"]
[SourceVersionDate "2022.08.28"]

1. e4 e6 2. d4 d5 3. Nc3 Nf6 4. e5 Nfd7 5. f4 c5 6. Nf3 Nc6 7. Be3 a6 8. Qd2
Qc7 9. Be2 Be7 10. O-O-O b6 11. f5 cxd4 12. Nxd4 Nxd4 13. Bxd4 Nxe5 14. Rde1
O-O 15. Rhf1 Nc6 16. Bxg7 Kxg7 17. f6+ Bxf6 18. Rxf6 Kxf6 19. Qh6+ Ke7 20. Bf3
Ne5 21. Qg7 Bb7 22. Qxe5 Qxe5 23. Rxe5 f6 24. Rh5 Rf7 25. Na4 b5 26. Nc5 Kd6
27. b4 a5 28. a3 axb4 29. axb4 Bc6 30. Rh6 Raf8 31. Bg4 Bd7 32. g3 Rg8 33. Be2
Be8 34. c3 Rg6 35. Rh4 Rgg7 36. Kd2 Ra7 37. Bd3 Ra2+ 38. Ke3 Ra3 39. Bxh7 Rxc3+
40. Bd3 e5 41. Kd2 Ra3 42. Rh6 Ra2+ 43. Kc1 Rf2 44. Rh8 Ke7 45. Na6 e4 46. Bc2
f5 47. Nc7 Bc6 48. Bb3 Kd6 49. Na6 Ke5 50. Nc5 Ra7 51. Kb1 Kd4 0-1

[Event "Obro 60 aar"]
[Site "Kobenhavn"]
[Date "1996.10.18"]
[Round "7"]
[White "Stojanovski, Sandi"]
[Black "Rodgaard, John"]
[Result "0-1"]
[WhiteElo "2200"]
[BlackElo "2375"]
[PlyCount "102"]
[EventDate "1996.10.12"]
[EventCountry "DEN"]
[SourceVersionDate "2022.08.28"]

1. d4 g6 2. c4 Bg7 3. Nf3 Nf6 4. g3 c6 5. Bg2 d5 6. cxd5 cxd5 7. O-O O-O 8. Ne5
Ng4 9. Bf4 Nxe5 10. Bxe5 f6 11. Bf4 e6 12. Nc3 Nc6 13. Qd2 f5 14. Bh6 Bxh6 15.
Qxh6 Nxd4 16. Rad1 Qf6 17. Qf4 Nc6 18. e3 Qe5 19. Qa4 Bd7 20. Rd3 Qg7 21. Qb3
Ne5 22. Rd4 Bc6 23. Ne2 Rac8 24. Rdd1 Rc7 25. Nd4 Qe7 26. Rfe1 Nf7 27. f4 Rfc8
28. Rc1 Bd7 29. Rc3 Rxc3 30. bxc3 b6 31. Bf1 Qc5 32. Bb5 Bxb5 33. Nxb5 Nd6 34.
Nxd6 Qxd6 35. Rd1 Qc5 36. Rd3 b5 37. Kf2 Qc4 38. Ke2 Qxb3 39. axb3 a5 40. Kd2
Kf7 41. Rd4 Ke7 42. b4 a4 43. Kc2 Kd6 44. Rd2 e5 45. Kd3 Ke6 46. Ra2 Rc4 47.
Rb2 d4 48. exd4 exd4 49. Re2+ Kd6 50. cxd4 Rxb4 51. Re5 a3 0-1

[Event "Obro 60 aar"]
[Site "Kobenhavn"]
[Date "1996.10.18"]
[Round "7"]
[White "Pedersen, Thomas Vils"]
[Black "Nilsson, Lars Kjoller"]
[Result "1-0"]
[WhiteElo "2000"]
[BlackElo "2200"]
[PlyCount "101"]
[EventDate "1996.10.12"]
[EventCountry "DEN"]
[SourceVersionDate "2022.08.28"]

1. d4 Nc6 2. Nf3 e6 3. g3 Nf6 4. Bg2 Be7 5. O-O d6 6. c4 O-O 7. d5 exd5 8. cxd5
Ne5 9. Nxe5 dxe5 10. Nc3 a6 11. h3 Qd6 12. Be3 Bf5 13. Qb3 Qb4 14. Qxb4 Bxb4
15. Rac1 Rfd8 16. Rfd1 Rd7 17. g4 Bg6 18. Na4 Bd6 19. Bc5 Ne8 20. Rc3 h5 21.
Rdc1 Rc8 22. Bxd6 Nxd6 23. Nc5 Re7 24. Rb3 Nb5 25. e3 hxg4 26. hxg4 b6 27. Nxa6
Nd6 28. Nb4 f5 29. gxf5 Bxf5 30. Nc6 Rf7 31. Nxe5 Rf6 32. Nc6 Re8 33. Nd4 Rg6
34. Nxf5 Nxf5 35. Kf1 Nh4 36. Bh3 Nf3 37. Be6+ Rexe6 38. dxe6 Nd2+ 39. Ke2 Nxb3
40. axb3 c5 41. b4 Rxe6 42. bxc5 bxc5 43. Rxc5 Rb6 44. Rc2 Kf7 45. Kd3 Ke6 46.
Kc4 Ke5 47. b4 Ke4 48. b5 g5 49. Rb2 g4 50. Kc5 Rf6 51. b6 1-0

[Event "Obro 60 aar"]
[Site "Kobenhavn"]
[Date "1996.10.18"]
[Round "7"]
[White "Larsen, Karsten"]
[Black "Nolsoe, Eydun"]
[Result "1/2-1/2"]
[WhiteElo "2000"]
[BlackElo "2160"]
[PlyCount "96"]
[EventDate "1996.10.12"]
[EventCountry "DEN"]
[SourceVersionDate "2022.08.28"]

1. e4 c5 2. Nf3 d6 3. Bb5+ Nd7 4. O-O a6 5. Bxd7+ Bxd7 6. b3 e5 7. Re1 Nf6 8.
c3 Qc7 9. d4 b5 10. Bg5 Be7 11. Bxf6 Bxf6 12. d5 O-O 13. Nbd2 g6 14. a4 Be7 15.
Ra2 Ra7 16. Qc2 f5 17. axb5 axb5 18. Rea1 Rfa8 19. Qb2 Qb7 20. Rxa7 Rxa7 21. c4
b4 22. h3 Qa8 23. Rxa7 Qxa7 24. Nf1 Bf6 25. N3d2 f4 26. Kh2 h5 27. Qb1 Bc8 28.
Qd1 Qd7 29. Qa1 g5 30. f3 g4 31. hxg4 hxg4 32. Qa8 Bh4 33. Kg1 g3 34. Nb1 Qb7
35. Qa2 Bd8 36. Nbd2 Qa6 37. Qxa6 Bxa6 38. Nb1 Kf7 39. Nfd2 Ke8 40. Kf1 Kd7 41.
Ke1 Kc7 42. Ke2 Kb6 43. Ke1 Bc8 44. Ke2 Ka5 45. Ke1 Bd7 46. Ke2 Bh4 47. Ke1 Bh3
48. Kf1 Bd7 1/2-1/2

[Event "Obro 60 aar"]
[Site "Kobenhavn"]
[Date "1996.10.18"]
[Round "7"]
[White "Hansen, Soren Asger"]
[Black "Nielsen, Poul Steen"]
[Result "1-0"]
[WhiteElo "2000"]
[BlackElo "2000"]
[PlyCount "77"]
[EventDate "1996.10.12"]
[EventCountry "DEN"]
[SourceVersionDate "2022.08.28"]

1. e4 e6 2. d4 d5 3. Nd2 Nf6 4. e5 Nfd7 5. f4 c5 6. c3 Nc6 7. Ngf3 cxd4 8. Nxd4
Nxd4 9. cxd4 Qb6 10. Nf3 Bb4+ 11. Kf2 f6 12. Be3 fxe5 13. fxe5 O-O 14. g3 Be7
15. Bh3 Rf7 16. Qd2 Nf8 17. Kg2 Bd7 18. Rhf1 Bb5 19. Rf2 Qa6 20. b3 Bd3 21. Rc1
Be4 22. Bg4 Ba3 23. Rd1 Rc8 24. Qe2 b5 25. Kg1 Rc2 26. Rd2 Rc1+ 27. Rd1 Rc2 28.
Rd2 Rfc7 29. Rxc2 Rxc2 30. Qf1 Qc6 31. Ng5 Bg6 32. Rxf8+ Bxf8 33. Bxe6+ Qxe6
34. Nxe6 Bb4 35. Qxb5 a5 36. Qxd5 Kf7 37. Nf4+ Ke7 38. Nxg6+ hxg6 39. e6 1-0

[Event "Obro 60 aar"]
[Site "Kobenhavn"]
[Date "1996.10.18"]
[Round "7"]
[White "Schiodt, Niels Christian"]
[Black "Olesen, Martin"]
[Result "0-1"]
[WhiteElo "2000"]
[BlackElo "2370"]
[PlyCount "42"]
[EventDate "1996.10.12"]
[EventCountry "DEN"]
[SourceVersionDate "2022.08.28"]

1. e4 c5 2. Nf3 d6 3. Nc3 Nc6 4. d4 cxd4 5. Nxd4 g6 6. Bc4 Bg7 7. Nxc6 bxc6 8.
O-O Nf6 9. Bg5 O-O 10. Qd2 Qb6 11. Rfe1 Qxb2 12. Rab1 Qa3 13. e5 dxe5 14. Rxe5
Bf5 15. Re3 Qc5 16. Bb3 Rad8 17. Qe1 h6 18. Re5 Qd4 19. Rd1 Qxc3 20. Qxc3 Rxd1+
21. Re1 Nd5 0-1

[Event "Obro 60 aar"]
[Site "Kobenhavn"]
[Date "1996.10.18"]
[Round "7"]
[White "Overgaard, Christian M"]
[Black "Toldsted, Jorgen"]
[Result "1-0"]
[WhiteElo "2270"]
[BlackElo "2000"]
[PlyCount "43"]
[EventDate "1996.10.12"]
[EventCountry "DEN"]
[SourceVersionDate "2022.08.28"]

1. Nf3 f5 2. g3 Nf6 3. Bg2 e6 4. O-O Be7 5. c4 O-O 6. d3 d6 7. Nc3 e5 8. Rb1 c6
9. c5 Be6 10. Ng5 Bf7 11. cxd6 Bxd6 12. Bh3 Qe8 13. Bxf5 Nbd7 14. Nce4 Bc7 15.
Nxf7 Qxf7 16. Ng5 Qh5 17. Qb3+ Kh8 18. Qxb7 Nb6 19. Qxc7 Qxe2 20. Nf7+ Kg8 21.
Qxe5 Qc2 22. d4 1-0

[Event "Obro 60 aar"]
[Site "Kobenhavn"]
[Date "1996.10.18"]
[Round "7"]
[White "El Kher, Henrik"]
[Black "Jorgensen, Brian Jorgen"]
[Result "0-1"]
[WhiteElo "2200"]
[BlackElo "2290"]
[PlyCount "42"]
[EventDate "1996.10.12"]
[EventCountry "DEN"]
[SourceVersionDate "2022.08.28"]

1. d4 d5 2. c4 e6 3. Nc3 c6 4. e3 Nf6 5. Nf3 Nbd7 6. Qc2 Bd6 7. Bd3 O-O 8. O-O
h6 9. Rd1 Qe7 10. e4 dxe4 11. Nxe4 Nxe4 12. Bxe4 c5 13. Rb1 Nf6 14. dxc5 Bxc5
15. Bf4 Ng4 16. Bg3 f5 17. Bd3 f4 18. Bh7+ Kh8 19. Nh4 Ne5 20. Re1 fxg3 21.
hxg3 Rxf2 0-1

[Event "Obro 60 aar"]
[Site "Kobenhavn"]
[Date "1996.10.18"]
[Round "7"]
[White "Spoer, Morten"]
[Black "Vestergaard, Kenneth"]
[Result "1-0"]
[WhiteElo "2000"]
[BlackElo "2000"]
[PlyCount "34"]
[EventDate "1996.10.12"]
[EventCountry "DEN"]
[SourceVersionDate "2022.08.28"]

1. e4 c5 2. Nc3 Nc6 3. f4 e6 4. Bc4 d6 5. Nf3 Be7 6. O-O Nf6 7. d3 d5 8. Bb5
Bd7 9. e5 Ng4 10. Ng5 Ngxe5 11. fxe5 Bxg5 12. Qh5 Nxe5 13. Bxg5 Qb6 14. Bxd7+
Kxd7 15. Rae1 c4+ 16. Be3 Qd6 17. Nb5 Qe7 1-0